The role of property in mixed-asset portfolios (Record no. 100542)
[ view plain ]
| 000 -LEADER | |
|---|---|
| fixed length control field | 00575cam a2200181 4500 |
| 001 - CONTROL NUMBER | |
| control field | 1842190008 |
| 008 - FIXED-LENGTH DATA ELEMENTS--GENERAL INFORMATION | |
| fixed length control field | 000000n2000 000 0 eng u |
| 035 ## - SYSTEM CONTROL NUMBER | |
| System control number | (Sirsi) u106236 |
| 100 ## - MAIN ENTRY--PERSONAL NAME | |
| Personal name | Adair, A. |
| 245 #4 - TITLE STATEMENT | |
| Title | The role of property in mixed-asset portfolios |
| 260 ## - PUBLICATION, DISTRIBUTION, ETC. | |
| Place of publication, distribution, etc. | London |
| Name of publisher, distributor, etc. | RICS |
| Date of publication, distribution, etc. | 2000 |
| 700 ## - ADDED ENTRY--PERSONAL NAME | |
| Personal name | Hoesli, Martin |
| 700 ## - ADDED ENTRY--PERSONAL NAME | |
| Personal name | McGreal, Stan |
| 700 ## - ADDED ENTRY--PERSONAL NAME | |
| Personal name | MacGregror, Bryan |
| 710 ## - ADDED ENTRY--CORPORATE NAME | |
| Corporate name or jurisdiction name as entry element | Royal Institution of Chartered Surveyors |
| Subordinate unit | Research Foundation |
| 9 (RLIN) | 3861 |
| 856 ## - ELECTRONIC LOCATION AND ACCESS | |
| Uniform Resource Identifier | <a href="https://www.rics.org/Global/Downloads/RoleProperty2002.pdf">https://www.rics.org/Global/Downloads/RoleProperty2002.pdf</a> |
| Public note | View article |
| 942 ## - ADDED ENTRY ELEMENTS (KOHA) | |
| Suppress in OPAC | 0 |
| Withdrawn status | Lost status | Source of classification or shelving scheme | Damaged status | Not for loan | Home library | Current library | Shelving location | Date acquired | Total Checkouts | Full call number | Barcode | Date last seen | Copy number | Price effective from | Koha item type |
|---|---|---|---|---|---|---|---|---|---|---|---|---|---|---|---|
| Dewey Decimal Classification | Virtual | Virtual | Online | 18/03/2003 | ONLINE PUBLICATION | 106236-2001 | 06/08/2019 | 1 | 06/08/2019 | Book |